| 000 | 00544nam a2200205Ia 4500 | ||
|---|---|---|---|
| 005 | 20231101092325.0 | ||
| 008 | 131103s9999 xx 000 0 und d | ||
| 020 | _a91075300 | ||
| 040 | _aLoreto College | ||
| 041 | _aEnglish | ||
| 082 |
_a780.3 _bCOO |
||
| 245 | 4 |
_aThe Concise Encyclopedia of Music and Musicians _cEdited by Martin Cooper |
|
| 250 | _a2nd ed.,rev. | ||
| 260 |
_aLondon _bHutchinson _c1971 |
||
| 300 | _axix,481 p. | ||
| 650 | _aMusic - Dictionaries | ||
| 700 | _aCooper,Martin,ed. | ||
| 850 | _aLCLIB | ||
| 942 | _cBK | ||
| 999 |
_c17621 _d68100 |
||